| 000 | 00461nam a2200193Ia 4500 | ||
|---|---|---|---|
| 005 | 20250425161845.0 | ||
| 008 | 250425s9999 xx 000 0 und d | ||
| 020 | _a8423308154 | ||
| 041 | _aspa | ||
| 043 | _asp | ||
| 100 | _aTATON, RENE | ||
| 245 | 0 | _aLA CIENCIA CONTEMPORANEA: EL SIGLO XIX | |
| 250 | _a1A ED. | ||
| 260 | _aBARCELONA | ||
| 260 |
_aEspaƱa _bEDICIONES DESTINO _c1973 |
||
| 710 | _aEDICIONES DESTINO | ||
| 942 | _c01 | ||
| 010 | _a32588 | ||
| 999 |
_c217544 _d217544 |
||